| 000 | 00746nam a2200217 a 4500 | ||
|---|---|---|---|
| 003 | BD-JhCC | ||
| 005 | 20240517095347.0 | ||
| 008 | 171002s20072015bg |||| ||a| 000 0 ben d | ||
| 020 | _a9844585724 | ||
| 035 | _a(BD-JhCC) | ||
| 040 |
_aBD-JhCC _dBD-JhCC |
||
| 041 | _aben | ||
| 082 |
_a891.44 _bIQB 2015 |
||
| 100 | _aইকবাল, মুহাম্মদ জাফর | ||
| 245 |
_aজলমানব : _bবৈজ্ঞানিক কল্পকাহিনী / _cমুহাম্মদ জাফর ইকবাল. |
||
| 260 |
_aঢাকা : _bসময় প্রকাশ, _c২০১৫. |
||
| 300 |
_a১১9 পৃ. : _c২১ সেমি. |
||
| 650 | _aBengali Science Fiction | ||
| 942 |
_2ddc _cBK |
||
| 999 |
_c13942 _d13942 |
||